| 000 | 00461nam a2200169Ia 4500 | ||
|---|---|---|---|
| 001 | 11298 | ||
| 008 | 170211s1951 ii a g b000 u 346 u | ||
| 082 | _a891.44309 | ||
| 100 |
_aPoddar, Aurobindo ., _eAuthor. |
||
| 245 | 0 |
_aBankim-Manas / _cAurobindo Poddar. _hTextual Documents |
|
| 250 | _a1st ed / | ||
| 260 |
_aCalcutta : _bIndiana Limited , _c1951. |
||
| 300 |
_a170p. : _bill. ; _c22cm. . |
||
| 653 | _aBengali | ||
| 653 | _aMS-Bengali | ||
| 942 |
_2ddc _cBK |
||
| 999 |
_c11285 _d11285 |
||